Welcome to the Holygrace Academy Library

Please use search bar below to get started

VERSES OF THE SENIOR MONKS (Record no. 5183)

MARC details
000 -LEADER
fixed length control field 00604nam a22001697a 4500
020 ## - INTERNATIONAL STANDARD BOOK NUMBER
ISBN 978-1-921842-18-4
082 ## - DEWEY DECIMAL CLASSIFICATION NUMBER
Classification number 200
Item number SUJ/V
100 ## - MAIN ENTRY--AUTHOR NAME
Personal name SUJATO BHIKKU
100 ## - MAIN ENTRY--AUTHOR NAME
Personal name WALTON, JESSICA
245 ## - TITLE STATEMENT
Title VERSES OF THE SENIOR MONKS
250 ## - EDITION STATEMENT
Edition statement FIRST EDITION
260 ## - PUBLICATION, DISTRIBUTION, ETC. (IMPRINT)
Place of publication TAIWAN
Name of publisher SUTTA CENTRAL
Year of publication 2014
300 ## - PHYSICAL DESCRIPTION
Number of Pages 259
520 ## - SUMMARY, ETC.
Summary, etc iT IS A COLLECTION OF INSPIRED SAYINGS ASSOCIATED WITH MONKS WHO LIVED IN THE TIME OF BUDDHA. THESE VERSES COVER A WIDE RANGE OF TOPICS, BUT MOSTLY THEY EXPRESS THE JOY OF A LIFE OF MEDITATION AND SECLUSION IN THE FOREST.
650 ## - SUBJECT ADDED ENTRY--TOPICAL TERM
Topical Term RELIGIOUS
Geographic subdivision TAIWAN
942 ## - ADDED ENTRY ELEMENTS (KOHA)
Koha item type Books
Holdings
Withdrawn status Lost status Collection code Home library Current library Shelving location Date acquired Source of acquisition Full call number Accession Number Koha item type
    Non-fiction Main Library Main Library SHELF 15 C-RELIGIOUS 14/07/2016 purchase 200 SUJ/V 04350 Books
    Non-fiction Main Library Main Library SHELF 15 C-RELIGIOUS 14/07/2016 purchase 200 SUJ/V 04349 Books